000 00686nam a2200241Ia 4500
005 20260430150251.0
008 008 250103s9999 xx 000 0 eng d
037 _aTheses
040 _aCRL
040 _beng
040 _ceng
041 _2eng
041 _aeng
084 _qCRL
100 _aAnsari Zoha Au.; Goomer Sangeeta Gu.
_91236979
245 0 _aFeasibility studies on microencapsulation of bioactive compounds extracted from potato peels (Agro- industrial waste)
260 _c2022
300 _a217p.
650 _aHome Science
700 _aUniversity of Delhi. Faculty of Science. Department of Home Science
942 _cTH
999 _c1849370
_d1849370